Барьцалдаат спондилиттой өсвөр насны хүүхдүүдэд “Secukinumab” эмчилгээний үр дүнг судлах нь: (Record no. 36831)

MARC details
000 -LEADER
fixed length control field 02284nam a22003377a 4500
003 - CONTROL NUMBER IDENTIFIER
control field OSt
005 - DATE AND TIME OF LATEST TRANSACTION
control field 20260311015147.0
008 - FIXED-LENGTH DATA ELEMENTS--GENERAL INFORMATION
fixed length control field 260309b mp ||||| |||| 00| 0 mon d
040 ## - CATALOGING SOURCE
Original cataloging agency MN_MNUMS
Language of cataloging mon
Description conventions rda
Transcribing agency MN_MNUMS
Modifying agency MN_MNUMS
043 ## - GEOGRAPHIC AREA CODE
Geographic area code MON
072 ## - SUBJECT CATEGORY CODE
Subject category code E09180102
082 ## - DEWEY DECIMAL CLASSIFICATION NUMBER
Edition number 21
Classification number 618.92
Item number Б
100 0# - MAIN ENTRY--PERSONAL NAME
Personal name Болор, Энхболдын
Relator term судлаач
9 (RLIN) 66570
245 10 - TITLE STATEMENT
Title Барьцалдаат спондилиттой өсвөр насны хүүхдүүдэд “Secukinumab” эмчилгээний үр дүнг судлах нь:
Remainder of title Магистрын зэрэг горилсон судалгааны ажлын төсөл: E09180102 Эмнэлзүйн Анагаах Ухаан
Statement of responsibility, etc. /Судлаач: Энхболдын Болор; Судалгааны төслийн удирдагч: Анагаах ухааны доктор, дэд профессор М. Энхзол; Судалгааны төслийн шүүмжлэгч: Анагаах ухааны доктор, дэд профессор Б. Баясгалантай.
264 #1 - PRODUCTION, PUBLICATION, DISTRIBUTION, MANUFACTURE, AND COPYRIGHT NOTICE
Place of production, publication, distribution, manufacture Улаанбаатар:
Name of producer, publisher, distributor, manufacturer [Хэвлэлийн газар тодорхойгүй]
Date of production, publication, distribution, manufacture, or copyright notice c2025.
300 ## - PHYSICAL DESCRIPTION
Extent 44 хуудастай:
Other physical details зурагтай, хүснэгттэй
Dimensions c 30 см
336 ## - CONTENT TYPE
Source rdacontent
Content type term text
Content type code txt
502 ## - DISSERTATION NOTE
Dissertation note Диссертаци
Degree type Магистр
Name of granting institution Анагаахын Шинжлэх Ухааны Үндэсний Их Сургууль
Year degree granted 2025
504 ## - BIBLIOGRAPHY, ETC. NOTE
Bibliography, etc. note Ном зүйтэй (Хуудас 28-29)
546 ## - LANGUAGE NOTE
Хэл Монгол
Information code or alphabet (Кирилл)
650 #4 - SUBJECT ADDED ENTRY--TOPICAL TERM
9 (RLIN) 66572
Topical term or geographic name entry element өсвөр насны барьцалдаат спондилит
9 (RLIN) 66573
Topical term or geographic name entry element биологийн бэлдмэл
9 (RLIN) 66574
Topical term or geographic name entry element секукинумаб
Topical term or geographic name entry element уламжлалт синтетик ДМАРД эмчилгээ
9 (RLIN) 69554
700 0# - ADDED ENTRY--PERSONAL NAME
Personal name Энхзол, М.
Relator term удирдагч
9 (RLIN) 69383
Personal name Баясгалантай, Б.
Relator term шүүмжлэгч
9 (RLIN) 69452
710 ## - ADDED ENTRY--CORPORATE NAME
Corporate name or jurisdiction name as entry element Анагаахын Шинжлэх Ухааны Үндэсний Их Сургууль
Relator term Эрхэлсэн байгууллага
9 (RLIN) 35462
856 ## - Цахимаар унших
Public note ЦАХИМ ХУВИЛБАР УНШИХ
Цахимаар унших <a href="https://forms.gle/mHfLTEErLwgC7rCi6">https://forms.gle/mHfLTEErLwgC7rCi6</a>
Public note ТОВЧ ХУРААНГУЙ ҮЗЭХ
Цахимаар унших <a href="https://online.fliphtml5.com/lluzx/yvct/">https://online.fliphtml5.com/lluzx/yvct/</a>
942 ## - ADDED ENTRY ELEMENTS (KOHA)
Source of classification or shelving scheme Dewey Decimal Classification
Koha item type Судалгааны төсөл
Holdings
Date last seen Total Checkouts Full call number Price effective from Koha item type Lost status Source of classification or shelving scheme Damaged status Not for loan Withdrawn status Home library Current library Date acquired
03/09/2026   618.92 Б 03/09/2026 Судалгааны төсөл   Dewey Decimal Classification       Эрдэм шинжилгээний номын сан Эрдэм шинжилгээний номын сан 03/09/2026